00362nam a2200097Ia 4500008004100000020001500041100002700056245008900083260007400172300001800246180205s9999 xx 000 0 und d a9719222123 aLedesma-Tan, Genevieve aInstitutional productivity and school quality through key result areas and rubrics / aLas piñas citybSouthville international publications systemsc2007 aii, 257 pages